000 01173nam0a2200301 4500
001 RU\NLR\bibl\233829
005 20250619111845.0
035 _a(NLR Aleph) 000229764
090 _a1337022
_c1337022
100 _a20020301d1993 |||y0rusy50 ca
101 0 _arus
102 _aRU
105 _ay |||||||||
200 1 _aЗаписки офицера флота 1932-1959
_eК 300-летию Рос. Флота
_fП.А. Керенский
210 _aВыборг
_cФантакт
_d1993
215 _a80,[2] с.
_d20
300 _aНа 4-й с. обл. авт.: кап. 1-го ранга Керенский П.А.
311 _aПрил. к журн. "Фантакт"
422 0 _12001#$aФантакт$eЖурн.
_tФантакт
606 0 _aВоенно-морской флот
_jВоспоминания, записки и т.п.
_xИстория
_yСССР
_91069209
_3RU\NLR\auth\6697656
686 _aЦ66,6(2)0-1,013
700 1 _aКеренский
_bП. А.
_gПавел Александрович
_4070
801 0 _aRU
_bNLR
_c20020301
_gPSBO
801 1 _aRU
_bNLR
_c20020301
830 _aавт. по кн.
942 _cBOOK
980 _aNB